000
00237nam a2200109Ia 4500
008
190216s9999||||xx |||||||||||||| ||und||
100
_a
Shoodrakan
245
0
_a
Mrichakadikam
260
_b
Nbs Kottayam
650
_a
Nadakam
942
_c
BK
999
_c
25511
_d
25511